000 00691nam a22002177a 4500
005 20251108170929.0
008 250721s1989 xx 000 0 ara d
082 1 4 _aط/535.01/ماي
100 1 _aمايرنغ، لن
245 1 0 _aمدخل إلى الليزر /
264 1 _aبيروت :
_bالمؤسسة العربية للدراسات و النشر،
_c1989.
300 _a48ص
490 0 _aسلسلة اوسبورن
650 1 7 _aأشعة الليزر
650 1 7 _aالضوء
653 _aناشئون كبار (15-18) سنة
700 1 _aكيميت، موريس
700 1 _aالطريفي، محمد إبراهيم
_eترجمة
942 _2ddc
_cBK
999 _c52398
_d52398